5 to 1: Weather Quiz Stats

 Plays Quiz Updated Mar 18, 2020

Support Sporcle.
Go Orange.
Score 0/15 Timer 03:00
14 Plays Today
% Correct
Rain
98.3%
Snow
98.2%
Anemometer
97.8%
Barometer
97.7%
Freezing Rain
97.2%
Psychrometer
97.2%
Sleet
97.1%
Hail
97%
% Correct
Celsius
96.5%
Cold
96.2%
Fahrenheit
96.2%
Thermograph
95.9%
Warm
95.6%
Altocumulus
94.4%
Occluded
91%

From the Vault

Musical Slot Machine

by soxfan1

This quiz is basically Las Vegas with a time limit.
Remove Ads.
Support Sporcle.
Get the best of Sporcle when you Go Orange. This ad-free experience offers more features, more stats, and more fun while also helping to support Sporcle. Thank you for becoming a member.

Show Comments

Extras

Top Quizzes Today


Score Distribution

Your Account Isn't Verified!

In order to create a playlist on Sporcle, you need to verify the email address you used during registration. Go to your Sporcle Settings to finish the process.

Report this User

Report this user for behavior that violates our Community Guidelines.

Details: